| 000 | 00663nam a2200181 a 4500 | ||
|---|---|---|---|
| 001 | 000040278 | ||
| 005 | 20201002034028.0 | ||
| 008 | 130802s2006 mx 000 0 spa d | ||
| 020 | _a9703237711 | ||
| 040 |
_aDO-SdBNP _bspa _cBNPHU |
||
| 100 | 1 |
_aSchwob, Marcelo _d1904-1974 _966550 |
|
| 245 | 1 | 0 |
_aLa mano gloriosa y otros cuentos / _cMarcelo Schwob ; selección introducción y tracucción Jaime Moreno Villarreal. |
| 260 |
_aMéxico : _bUniversidad Nacional Autónoma de México, _c2006. |
||
| 300 |
_a46 p. ; _c18 cm. |
||
| 490 | 1 |
_aRelato Licenciado Vidriera _v38 |
|
| 700 | 1 |
_aMoreno Villareal, Jaime _966551 |
|
| 830 | 0 |
_aRelato Licenciado Vidriera _v38 _966234 |
|
| 999 |
_c39768 _d39768 |
||